000 00765nam a22002297a 4500
005 20170124110057.0
010 _aA-991589
020 _c00.00
_a8176480584
035 _aA-991589
037 _bCen Lib/Ret
040 _aDPL
_bEN
082 _a954.0841
_bKIB
100 _aKibriya, Mazhar
_926785
245 _aGandhi and indian freedom struggle /
_cby Mazhar Kibriya
260 _aNew Delhi
_bAPH Publishing Corporation
_c1999
270 _a5, ansari road
_bNew Delhi
_e110002
300 _axi, 387p. :
_c21cm(Hb)
500 _aIncludes bibliographical references and index
650 _aGandhi, -- Mahatma, -- 1869-1948
_979345
650 _aIndia -- Politics and government -- 1919-1947
_979346
942 _2ddc
_cEN
_h954.0841
_mKIB
999 _c129578
_d129578